Object-oriented programming with C++ (Record no. 128945)

MARC details
000 -LEADER
fixed length control field 00366nam a2200145Ia 4500
008 - FIXED-LENGTH DATA ELEMENTS--GENERAL INFORMATION
fixed length control field 230917s9999||||xx |||||||||||||| ||und||
040 ## - CATALOGING SOURCE
-- 106298
Original cataloging agency VIVEKANANDA LIBRARY
041 ## - Language
-- English
082 ## - DDC NUMBER
Classification number 005.133 B469O
100 ## - MAIN ENTRY--PERSONAL NAME
Personal name Bhave, M P
245 #0 - TITLE STATEMENT
Title Object-oriented programming with C++
260 ## - PUBLICATION, DISTRIBUTION, ETC. (IMPRINT)
Place of publication, distribution, etc New Delhi
Name of publisher, distributor, etc Pearson education
Date of publication, distribution, etc 2004
300 ## - PHYSICAL DESCRIPTION
Pages 483 p.
942 ## - ADDED ENTRY ELEMENTS (KOHA)
Koha item type Books
Holdings
Withdrawn status Lost status Damaged status Not for loan Location (home branch) Sublocation or collection (holding branch) Date acquired Koha issues (times borrowed) Koha full call number Accession No. Koha date last seen Koha item type Shelving location
        VIVEKANANDA LIBRARY VIVEKANANDA LIBRARY 09/06/2005   005.133 B469O 225741 17/09/2023 Books  
        VIVEKANANDA LIBRARY VIVEKANANDA LIBRARY 09/06/2005   005.133 B469O 225742 17/09/2023 Books  
        VIVEKANANDA LIBRARY VIVEKANANDA LIBRARY 09/06/2005   005.133 B469O 225743 17/09/2023 Books UIET Library
        VIVEKANANDA LIBRARY VIVEKANANDA LIBRARY 09/06/2005 3 005.133 B469O 225744 29/01/2025 Books UIET Library
        VIVEKANANDA LIBRARY VIVEKANANDA LIBRARY 09/06/2005   005.133 B469O 229025 17/09/2023 Books UIET Library
        VIVEKANANDA LIBRARY VIVEKANANDA LIBRARY 09/06/2005   005.133 B469O 229026 17/09/2023 Books UIET Library
        VIVEKANANDA LIBRARY VIVEKANANDA LIBRARY 09/06/2005   005.133 B469O 229027 17/09/2023 Books UIET Library
        VIVEKANANDA LIBRARY VIVEKANANDA LIBRARY 09/06/2005   005.133 B469O 235451 17/09/2023 Books UIET Library
        VIVEKANANDA LIBRARY VIVEKANANDA LIBRARY 09/06/2005   005.133 B469O 236228 17/09/2023 Books UIET Library
© Designed and Maintained by Vivekananda Library, MDU Rohtak